000 00662nam a2200181Ia 4500
003 GCL
008 140319s9999 xx 000 0 ara d
020 _a4315001977
040 _aGCL /
_cGCL
082 0 4 _aق
_b962.06
_bا ث
100 1 _aاحمد حمروش
245 1 0 _aثورة 23 يوليو ج 2 :
_bخريف عبدالناصر\غروب يوليو\شهود ثورة يوليو /
_cاحمد حمروش
260 _aالقاهرة :
_bالهيئة المصرية العامة للكتاب ،
_c1992
300 _a1123ص ؛
_c24سم
650 0 4 _aثورة 23 يوليو 1952
650 0 4 _aمصر - تاريخ - العصر الحديث
942 _2ddc
_cBK
999 _c52476
_d52476